[Event "4th GP Series, (tie-break) 2019"]
[Site "Jerusalem ISR"]
[Date "2019.12.13"]
[Round "1"]
[White "Navara, David"]
[Black "Wang, Hao"]
[Result "1-0"]
[WhiteElo "2707"]
[BlackElo "2756"]
[PlyCount "99"]
[EventDate "2019.12.11"]

1. d4 Nf6 2. c4 e6 3. Nf3 a6 4. Nc3 d5 5. cxd5 exd5 6. Bg5 Be6 7. e3 Nbd7 8. h3
Bd6 9. Bd3 c6 10. Bf4 Qc7 11. Qd2 O-O 12. O-O Rfe8 13. Rfe1 Nh5 14. Bxd6 Qxd6
15. e4 Qf4 16. Qd1 Qc7 17. Ng5 g6 18. e5 Qb6 19. Na4 Qa7 20. Rc1 Ng7 21. Bb1 h6
22. Nf3 Bf5 23. Qd2 Bxb1 24. Rxb1 Kh7 25. b4 Ne6 26. Nc5 Ndf8 27. Nh2 b6 28.
Ng4 g5 29. Nf6+ Kg7 30. Nxe8+ Rxe8 31. Nxe6+ Nxe6 32. Rbc1 Rc8 33. a3 b5 34.
Red1 Qb6 35. Rc3 a5 36. h4 axb4 37. axb4 Rh8 38. Rg3 Qd8 39. f4 f5 40. Ra1 Qb6
41. fxg5 h5 42. Rd3 Rf8 43. Qd1 Nf4 44. Rd2 Kg6 45. Kh2 Ne6 46. Ra3 Kg7 47. Qa1
Rf7 48. Ra6 Qb7 49. Rc2 Rc7 50. Rcxc6 1-0

[Event "4th GP Series, (tie-break) 2019"]
[Site "Jerusalem ISR"]
[Date "2019.12.13"]
[Round "1"]
[White "Harikrishna, Pentala"]
[Black "Karjakin, Sergey"]
[Result "1/2-1/2"]
[WhiteElo "2724"]
[BlackElo "2754"]
[PlyCount "124"]
[EventDate "2019.12.11"]

1. d4 Nf6 2. Bg5 d5 3. e3 c5 4. c3 cxd4 5. Bxf6 gxf6 6. cxd4 Nc6 7. Nc3 e6 8.
Bd3 f5 9. Nge2 Bd7 10. Rc1 Rc8 11. O-O Bg7 12. Nf4 O-O 13. Qh5 h6 14. a3 Qg5
15. Qf3 Qg4 16. Qg3 Ne7 17. Be2 Qxg3 18. hxg3 Rfd8 19. g4 fxg4 20. Bxg4 Rc6 21.
Be2 a6 22. Nd3 Nf5 23. g4 Nd6 24. Kg2 Rdc8 25. Rh1 Rd8 26. Ne5 Rc7 27. f4 Be8
28. Bd3 Rdc8 29. Kf2 a5 30. Rcg1 b5 31. g5 hxg5 32. f5 f6 33. fxe6 fxe5 34.
Rxg5 exd4 35. Nxd5 Bc6 36. Bh7+ Kf8 37. Nxc7 dxe3+ 38. Ke2 Bxh1 39. e7+ Kxe7
40. Rxg7+ Kf6 41. Rd7 Nc4 42. Nxb5 Bc6 43. Rc7 Rxc7 44. Nxc7 Nxb2 45. Bg8 Ke5
46. Kxe3 Na4 47. Kd2 Kd4 48. Ne6+ Ke5 49. Ng5 Kd6 50. Nf7+ Kc5 51. Ne5 Nb6 52.
Nd3+ Kd6 53. Kc3 Bd5 54. Kd4 Bxg8 55. Ne5 Nc4 56. Nxc4+ Bxc4 57. Kxc4 Kc6 58.
Kb3 Kb5 59. a4+ Kc5 60. Kc3 Kd5 61. Kd3 Kc5 62. Kc3 Kd5 1/2-1/2

[Event "4th GP Series, Knockout 2019"]
[Site "Jerusalem ISR"]
[Date "2019.12.14"]
[Round "3"]
[White "Vachier-Lagrave, Maxime"]
[Black "Andreikin, Dmitry"]
[Result "1/2-1/2"]
[WhiteElo "2780"]
[BlackElo "2724"]
[PlyCount "39"]
[EventDate "2019.12.11"]

1. e4 e6 2. d4 d5 3. exd5 exd5 4. Nf3 Nf6 5. Bd3 Bd6 6. Qe2+ Be6 7. Ng5 Qe7 8.
Nxe6 fxe6 9. Nd2 O-O 10. O-O Nc6 11. Nf3 e5 12. dxe5 Nxe5 13. Nxe5 Qxe5 14.
Qxe5 Bxe5 15. c3 Rae8 16. h3 d4 17. c4 Bd6 18. Bd2 Ne4 19. Bxe4 Rxe4 20. Rfe1
1/2-1/2

[Event "4th GP Series, Knockout 2019"]
[Site "Jerusalem ISR"]
[Date "2019.12.14"]
[Round "3"]
[White "So, Wesley"]
[Black "Nepomniachtchi, Ian"]
[Result "1/2-1/2"]
[WhiteElo "2760"]
[BlackElo "2767"]
[PlyCount "46"]
[EventDate "2019.12.11"]

1. d4 Nf6 2. c4 g6 3. Nc3 d5 4. cxd5 Nxd5 5. e4 Nxc3 6. bxc3 Bg7 7. Nf3 c5 8.
Rb1 O-O 9. Be2 cxd4 10. cxd4 Qa5+ 11. Bd2 Qxa2 12. O-O Bg4 13. Be3 Nc6 14. d5
Na5 15. Bg5 Qa3 16. Re1 Bxf3 17. Bxf3 Qd6 18. e5 Bxe5 19. Qe2 Bf6 20. Bd2 Qd8
21. d6 Nc6 22. dxe7 Qxe7 23. Qxe7 Nxe7 1/2-1/2

[Event "4th GP Series, Knockout 2019"]
[Site "Jerusalem ISR"]
[Date "2019.12.14"]
[Round "3"]
[White "Jakovenko, Dmitry"]
[Black "Navara, David"]
[Result "1/2-1/2"]
[WhiteElo "2698"]
[BlackElo "2707"]
[PlyCount "35"]
[EventDate "2019.12.11"]

1. e4 e5 2. Nf3 Nc6 3. Bc4 Bc5 4. c3 Nf6 5. d3 d6 6. O-O O-O 7. Re1 a6 8. a4 h6
9. Nbd2 a5 10. Nf1 Be6 11. Qb3 Qd7 12. Be3 Bxc4 13. Qxc4 Bxe3 14. Nxe3 Rfe8 15.
Rad1 Rad8 16. Nd5 Nxd5 17. Qxd5 b6 18. Qb5 1/2-1/2

[Event "4th GP Series, Knockout 2019"]
[Site "Jerusalem ISR"]
[Date "2019.12.15"]
[Round "4"]
[White "Andreikin, Dmitry"]
[Black "Vachier-Lagrave, Maxime"]
[Result "1/2-1/2"]
[WhiteElo "2724"]
[BlackElo "2780"]
[PlyCount "47"]
[EventDate "2019.12.11"]

1. Nf3 Nf6 2. c4 c5 3. Nc3 d5 4. cxd5 Nxd5 5. e4 Nb4 6. Bb5+ N8c6 7. d4 cxd4 8.
a3 dxc3 9. Qxd8+ Kxd8 10. axb4 cxb2 11. Bxb2 e6 12. O-O Bd7 13. Bxc6 Bxc6 14.
Ne5 Ke8 15. Nxc6 bxc6 16. Ra4 f6 17. Rfa1 Be7 18. Rxa7 Rxa7 19. Rxa7 Kf7 20.
Kf1 Rb8 21. Bc3 Kf8 22. Rc7 Bxb4 23. Rxc6 Bxc3 24. Rxc3 1/2-1/2

[Event "4th GP Series, Knockout 2019"]
[Site "Jerusalem ISR"]
[Date "2019.12.15"]
[Round "4"]
[White "Nepomniachtchi, Ian"]
[Black "So, Wesley"]
[Result "1/2-1/2"]
[WhiteElo "2767"]
[BlackElo "2760"]
[PlyCount "35"]
[EventDate "2019.12.11"]

1. e4 e5 2. Nf3 Nc6 3. Bb5 a6 4. Ba4 Nf6 5. O-O Be7 6. d3 b5 7. Bb3 d6 8. a3
O-O 9. Nc3 Na5 10. Ba2 Be6 11. b4 Bxa2 12. Nxa2 Nc6 13. c4 Nd4 14. Nc3 c6 15.
Be3 Nxf3+ 16. Qxf3 Qc8 17. h3 Qe6 18. Rfc1 1/2-1/2

[Event "4th GP Series, Knockout 2019"]
[Site "Jerusalem ISR"]
[Date "2019.12.15"]
[Round "4"]
[White "Wei, Yi"]
[Black "Karjakin, Sergey"]
[Result "1/2-1/2"]
[WhiteElo "2725"]
[BlackElo "2754"]
[PlyCount "79"]
[EventDate "2019.12.11"]

1. d4 Nf6 2. c4 e6 3. Nc3 Bb4 4. Nf3 O-O 5. e3 d5 6. Bd2 b6 7. cxd5 exd5 8. Bd3
Bb7 9. Ne5 Bd6 10. O-O c5 11. Rc1 Nc6 12. Ng4 Nd7 13. Nh6+ gxh6 14. Qg4+ Kh8
15. Qf5 Nf6 16. Nxd5 Nxd4 17. Qxf6+ Qxf6 18. Nxf6 Nf3+ 19. gxf3 Rg8+ 20. Ng4
Be5 21. Be2 Bxb2 22. Rxc5 bxc5 23. Rb1 Bg7 24. Rxb7 h5 25. Rxf7 hxg4 26. fxg4
Rgf8 27. Rxf8+ Rxf8 28. Kf1 Rb8 29. Bc4 Rb1+ 30. Ke2 Rh1 31. Bd5 Rxh2 32. g5
Rh5 33. e4 Bd4 34. Bf4 Kg7 35. e5 Kf8 36. Bf3 Rh4 37. Bg3 Rh3 38. Bg2 Rxg3 39.
fxg3 Bxe5 40. Be4 1/2-1/2

[Event "4th GP Series, Knockout 2019"]
[Site "Jerusalem ISR"]
[Date "2019.12.15"]
[Round "4"]
[White "Navara, David"]
[Black "Jakovenko, Dmitry"]
[Result "1-0"]
[WhiteElo "2707"]
[BlackElo "2698"]
[PlyCount "73"]
[EventDate "2019.12.11"]

1. c4 c5 2. Nf3 Nf6 3. Nc3 Nc6 4. d4 cxd4 5. Nxd4 g6 6. e4 Nxd4 7. Qxd4 d6 8.
Be3 Bg7 9. f3 O-O 10. Qd2 Be6 11. Rc1 Qa5 12. b3 Rfc8 13. g4 a6 14. Na4 Qxd2+
15. Kxd2 Nd7 16. Rg1 Rc6 17. Be2 Kh8 18. f4 Nc5 19. Nxc5 dxc5 20. Bf3 Rc7 21.
Ke2 b5 22. e5 Rac8 23. Bd5 Bxd5 24. cxd5 g5 25. d6 exd6 26. exd6 Rd7 27. Bxc5
gxf4 28. Kf3 Kg8 29. Bb4 Rcd8 30. Rge1 Bf8 31. Rc7 f6 32. Rd1 Kf7 33. Kxf4 Rxc7
34. dxc7 Rxd1 35. c8=Q Bxb4 36. Qxa6 Bd6+ 37. Kf3 1-0

[Event "4th GP Series, (tie-break) 2019"]
[Site "Jerusalem ISR"]
[Date "2019.12.16"]
[Round "2"]
[White "Andreikin, Dmitry"]
[Black "Vachier-Lagrave, Maxime"]
[Result "0-1"]
[WhiteElo "2724"]
[BlackElo "2780"]
[PlyCount "72"]
[EventDate "2019.12.11"]

1. e4 c5 2. Nc3 d6 3. Nge2 Nf6 4. h3 e5 5. d3 Nc6 6. g4 Be7 7. Bg2 h5 8. g5 Nh7
9. h4 f6 10. Nd5 fxg5 11. hxg5 Nxg5 12. Nec3 g6 13. Nxe7 Qxe7 14. Nd5 Qd8 15.
f4 Nf7 16. f5 gxf5 17. exf5 Nd4 18. Be3 Bxf5 19. Bxd4 Bg4 20. Bf3 cxd4 21. c4
dxc3 22. bxc3 Qa5 23. Rb1 Ng5 24. Nf6+ Kf7 25. O-O Nh3+ 26. Kh1 Kxf6 27. Bxg4+
Nf4 28. Bf3 Rag8 29. Rxb7 Rg3 30. Qb3 Rf8 31. d4 Qa6 32. c4 Rh3+ 33. Kg1 Rg8+
34. Kf2 Rg2+ 35. Ke1 Qa5+ 36. Rb4 Rxa2 0-1

[Event "4th GP Series, (tie-break) 2019"]
[Site "Jerusalem ISR"]
[Date "2019.12.16"]
[Round "2"]
[White "So, Wesley"]
[Black "Nepomniachtchi, Ian"]
[Result "1/2-1/2"]
[WhiteElo "2760"]
[BlackElo "2767"]
[PlyCount "89"]
[EventDate "2019.12.11"]

1. Nf3 c5 2. c4 Nc6 3. d4 cxd4 4. Nxd4 Nf6 5. Nc3 e6 6. a3 Be7 7. e4 O-O 8. Nf3
Qa5 9. Bd2 Qh5 10. Be2 d5 11. exd5 exd5 12. cxd5 Nxd5 13. Nd4 Qh4 14. Nxc6 bxc6
15. O-O Be6 16. Bf3 Rab8 17. g3 Qc4 18. Rc1 Qb3 19. Nxd5 cxd5 20. Bc3 Rfd8 21.
Be5 Qxd1 22. Rfxd1 Rb3 23. Kg2 Bf6 24. Bxf6 gxf6 25. Rd2 Rdb8 26. Bxd5 Rxb2 27.
Rd3 Rd8 28. Rcd1 Rd6 29. Bxe6 Rxe6 30. Rd8+ Kg7 31. R1d4 Rb5 32. Rg4+ Rg5 33.
Ra4 Re2 34. Rd3 a5 35. Rf3 Re6 36. h4 Rge5 37. Rg4+ Kf8 38. Rc4 Kg7 39. Rc7 Re4
40. Rd3 Re8 41. Rcd7 Ra4 42. R7d4 Re4 43. Rxe4 Rxe4 44. Kf3 f5 45. Rd5 1/2-1/2

[Event "4th GP Series, (tie-break) 2019"]
[Site "Jerusalem ISR"]
[Date "2019.12.16"]
[Round "2"]
[White "Wei, Yi"]
[Black "Karjakin, Sergey"]
[Result "1-0"]
[WhiteElo "2725"]
[BlackElo "2754"]
[PlyCount "75"]
[EventDate "2019.12.11"]

1. e4 e5 2. d4 exd4 3. Qxd4 Nc6 4. Qc4 Nf6 5. Nc3 Bb4 6. Bd2 O-O 7. O-O-O d6 8.
f3 Re8 9. Qe2 Be6 10. Qf2 a5 11. Nge2 Qe7 12. Nf4 Bxc3 13. Bxc3 Nb4 14. a3 Na2+
15. Kd2 d5 16. Bxf6 Qxf6 17. Nd3 dxe4 18. fxe4 Qg6 19. Be2 b5 20. Qg3 Qf6 21.
Qe5 Qe7 22. Qxb5 Rab8 23. Qc5 Qh4 24. Bf3 g6 25. g3 Qh6+ 26. Ke2 Qg7 27. Kf2
Rxb2 28. Nxb2 Qxb2 29. Rb1 Qc3 30. Qxc3 Nxc3 31. Rb7 c5 32. Re1 Rd8 33. Ke3 Rd4
34. Ra1 Kg7 35. Ra7 Ra4 36. Rb7 Rd4 37. Rb6 Rc4 38. Rxe6 1-0

[Event "4th GP Series, (tie-break) 2019"]
[Site "Jerusalem ISR"]
[Date "2019.12.16"]
[Round "2"]
[White "Vachier-Lagrave, Maxime"]
[Black "Andreikin, Dmitry"]
[Result "1/2-1/2"]
[WhiteElo "2780"]
[BlackElo "2724"]
[PlyCount "113"]
[EventDate "2019.12.11"]

1. e4 g6 2. d4 Bg7 3. Nc3 c6 4. Nf3 d6 5. a4 Bg4 6. Be2 d5 7. O-O Nf6 8. e5
Nfd7 9. Ng5 Bxe2 10. Nxe2 e6 11. c3 c5 12. Nf4 Qe7 13. Nf3 Nc6 14. b3 O-O 15.
Nd3 Rfc8 16. Ba3 Qd8 17. Re1 b6 18. b4 Bf8 19. Qd2 Rc7 20. h4 Rac8 21. h5 cxd4
22. cxd4 Ne7 23. hxg6 hxg6 24. g4 Rc2 25. Qf4 Bg7 26. Ng5 Qe8 27. Re3 R8c4 28.
Nb2 Rxb2 29. Bxb2 Nc6 30. b5 Ncxe5 31. Qh2 Nxg4 32. Qh7+ Kf8 33. Ba3+ Nc5 34.
dxc5 bxc5 35. Rc1 Rxc1+ 36. Bxc1 Nxe3 37. Bxe3 d4 38. Bc1 Qe7 39. a5 d3 40. b6
axb6 41. axb6 Qb7 42. Nxe6+ fxe6 43. Bh6 Ke8 44. Qg8+ Kd7 45. Qxg7+ Kc6 46.
Qxg6 Qd7 47. Be3 Kxb6 48. Kf1 Qd5 49. Qh7 Kb5 50. Qh8 c4 51. Ke1 Qf3 52. Qb2+
Ka4 53. Qa2+ Kb5 54. Qb2+ Kc6 55. Kd2 Qg4 56. Qb6+ Kd7 57. Qd4+ 1/2-1/2

[Event "4th GP Series, (tie-break) 2019"]
[Site "Jerusalem ISR"]
[Date "2019.12.16"]
[Round "2"]
[White "Nepomniachtchi, Ian"]
[Black "So, Wesley"]
[Result "1-0"]
[WhiteElo "2767"]
[BlackElo "2760"]
[PlyCount "129"]
[EventDate "2019.12.11"]

1. e4 e5 2. Nf3 Nc6 3. Bb5 a6 4. Ba4 Nf6 5. O-O Be7 6. Re1 b5 7. Bb3 O-O 8. a4
b4 9. d4 d6 10. dxe5 Nxe5 11. Nbd2 Nxf3+ 12. Nxf3 Bb7 13. Qd3 Nd7 14. Be3 Bf6
15. Bd4 Bxd4 16. Qxd4 a5 17. h3 Re8 18. Re3 Qf6 19. Qc4 Nc5 20. e5 Qg6 21. Ba2
Bxf3 22. Rxf3 Rxe5 23. Rxf7 d5 24. Qxc5 Qxf7 25. f4 Qxf4 26. Bxd5+ Kh8 27. Rf1
Rxd5 28. Qxd5 Qe3+ 29. Kh2 Qe8 30. Rf5 h6 31. Re5 Qf8 32. Qe4 c6 33. Re6 Rc8
34. Qe5 Kh7 35. Re7 Rd8 36. Qe4+ Kh8 37. b3 Rd4 38. Re8 Rxe4 39. Rxf8+ Kh7 40.
Rf5 Re2 41. Rc5 Kg6 42. Rxc6+ Kf5 43. Kg3 Rd2 44. Kf3 g5 45. g3 Rh2 46. Rc5+
Kg6 47. Rxa5 Rxc2 48. Re5 Rb2 49. Re3 h5 50. g4 hxg4+ 51. hxg4 Kf6 52. Ke4 Rg2
53. Kd5 Rxg4 54. a5 Rg1 55. Kc5 g4 56. a6 Rh1 57. Re8 Rh5+ 58. Kxb4 Rh7 59. Rg8
Kf5 60. Ka5 Kf4 61. b4 g3 62. b5 Kf3 63. b6 Rh5+ 64. Ka4 Rh4+ 65. Ka3 1-0

[Event "4th GP Series, (tie-break) 2019"]
[Site "Jerusalem ISR"]
[Date "2019.12.16"]
[Round "2"]
[White "Karjakin, Sergey"]
[Black "Wei, Yi"]
[Result "1-0"]
[WhiteElo "2754"]
[BlackElo "2725"]
[PlyCount "63"]
[EventDate "2019.12.11"]

1. e4 c6 2. d4 d5 3. e5 c5 4. dxc5 e6 5. a3 Bxc5 6. Qg4 Ne7 7. Bd3 O-O 8. Nf3
f5 9. exf6 Rxf6 10. Qh4 h6 11. O-O Nbc6 12. c4 Qf8 13. Nc3 Ng6 14. Qh5 Nge5 15.
Nxe5 Rxf2 16. Be3 Bxe3 17. Rxf2 Bxf2+ 18. Kh1 Nxe5 19. Qxe5 Qf6 20. Qe2 dxc4
21. Bc2 Qh4 22. Ne4 Bd4 23. Rd1 Bxb2 24. Nd6 e5 25. Nxc4 Bd4 26. Qd3 Qf6 27.
Qh7+ Kf7 28. Bd3 Ke7 29. Rf1 Qg5 30. Bg6 e4 31. Rf7+ Ke6 32. Qg8 1-0

[Event "4th GP Series, (tie-break) 2019"]
[Site "Jerusalem ISR"]
[Date "2019.12.16"]
[Round "2"]
[White "Karjakin, Sergey"]
[Black "Wei, Yi"]
[Result "0-1"]
[WhiteElo "2754"]
[BlackElo "2725"]
[PlyCount "116"]
[EventDate "2019.12.11"]

1. e4 c6 2. d4 d5 3. e5 c5 4. Nf3 cxd4 5. Qxd4 e6 6. Nc3 Nc6 7. Qf4 h6 8. h4 g6
9. Bd3 a6 10. O-O Nge7 11. Ne2 Nf5 12. c3 Be7 13. Bxf5 gxf5 14. Qg3 Kf8 15. Be3
Bd7 16. Rfd1 Rc8 17. b3 b5 18. Rd2 Qc7 19. Rad1 Be8 20. Nf4 Rg8 21. Nxd5 Rxg3
22. Nxc7 Rxf3 23. Bxh6+ Kg8 24. Nxe8 Nxe5 25. Nd6 Bxd6 26. Rxd6 Rfxc3 27. Rxa6
Rc2 28. Bf4 Ng4 29. f3 Nf6 30. Rd2 Nd5 31. Rxc2 Rxc2 32. g3 b4 33. h5 Kg7 34.
Bg5 Nc3 35. Ra8 Ne2+ 36. Kf2 e5 37. h6+ Kh7 38. Rf8 Nd4+ 39. Kf1 Rc7 40. Bf6
Nxf3 41. Kf2 Nh2 42. Rh8+ Kg6 43. Rg8+ Kxh6 44. Ke2 Ng4 45. Bh4 Rc2+ 46. Kd3
Rxa2 47. Kc4 f6 48. Kxb4 e4 49. Kc3 e3 50. b4 e2 51. Re8 Ne5 52. g4 fxg4 53. b5
g3 54. Bxg3 Ra3+ 55. Kd2 Rxg3 56. Kxe2 Rb3 57. Rb8 Kg5 58. b6 Nd7 0-1

[Event "4th GP Series, (tie-break) 2019"]
[Site "Jerusalem ISR"]
[Date "2019.12.16"]
[Round "2"]
[White "Wei, Yi"]
[Black "Karjakin, Sergey"]
[Result "1/2-1/2"]
[WhiteElo "2725"]
[BlackElo "2754"]
[PlyCount "83"]
[EventDate "2019.12.11"]

1. e4 c5 2. Nf3 d6 3. d4 cxd4 4. Nxd4 Nf6 5. Nc3 a6 6. g3 e5 7. Nde2 Be7 8. Bg2
Nbd7 9. a4 h5 10. Bg5 Nf8 11. Bxf6 Bxf6 12. Nd5 h4 13. Nec3 Bg5 14. a5 Be6 15.
Nb6 Rb8 16. Ncd5 Nd7 17. Ra3 O-O 18. O-O Nxb6 19. Nxb6 hxg3 20. hxg3 g6 21. Rd3
Qc7 22. Rc3 Qe7 23. Rd3 Bh6 24. Nd5 Qd8 25. Nb6 Qc7 26. Rc3 Qe7 27. Nd5 Qd8 28.
Nc7 Qe7 29. Nxe6 Qxe6 30. Qd3 Rfc8 31. Rd1 Bf8 32. Bf1 Qa2 33. b4 d5 34. exd5
Bxb4 35. Rxc8+ Rxc8 36. d6 Qxa5 37. Qe4 Rd8 38. Qxb7 Bxd6 39. Bc4 Qc7 40. Qxc7
Bxc7 41. Rxd8+ Bxd8 42. Bxa6 1/2-1/2

[Event "4th GP Series, Knockout 2019"]
[Site "Jerusalem ISR"]
[Date "2019.12.17"]
[Round "5"]
[White "Nepomniachtchi, Ian"]
[Black "Vachier-Lagrave, Maxime"]
[Result "1-0"]
[WhiteElo "2767"]
[BlackElo "2780"]
[PlyCount "71"]
[EventDate "2019.12.11"]

1. d4 Nf6 2. c4 g6 3. Nc3 d5 4. Nf3 Bg7 5. Qb3 dxc4 6. Qxc4 O-O 7. e4 Nc6 8.
Be3 Ng4 9. e5 Nxe3 10. fxe3 Bg4 11. h3 Bxf3 12. gxf3 e6 13. h4 Ne7 14. f4 b5
15. Qc5 Nf5 16. Kf2 f6 17. Rd1 b4 18. Qxb4 Rb8 19. Qa3 fxe5 20. dxe5 Qe8 21.
Bg2 Bxe5 22. fxe5 Nxh4+ 23. Kg1 Nxg2 24. Ne4 Rd8 25. Rc1 Qb5 26. Qe7 Rd7 27.
Nf6+ Rxf6 28. Qxf6 Rf7 29. Qd8+ Rf8 30. Qxc7 Rf7 31. Qd8+ Rf8 32. Qe7 h5 33.
Qxe6+ Kg7 34. Rc7+ Kh6 35. Rxh5+ Kxh5 36. Qh3+ 1-0

[Event "4th GP Series, Knockout 2019"]
[Site "Jerusalem ISR"]
[Date "2019.12.17"]
[Round "5"]
[White "Wei, Yi"]
[Black "Navara, David"]
[Result "1/2-1/2"]
[WhiteElo "2725"]
[BlackElo "2707"]
[PlyCount "104"]
[EventDate "2019.12.11"]

1. Nf3 d5 2. e3 Nf6 3. c4 c6 4. Nc3 e6 5. b3 Bd6 6. Bb2 O-O 7. Be2 e5 8. cxd5
cxd5 9. Nb5 e4 10. Ne5 Ne8 11. Rc1 f6 12. Qc2 Bxe5 13. Bxe5 fxe5 14. Qxc8 Nc6
15. Qxd8 Rxd8 16. f3 Nf6 17. fxe4 Nxe4 18. Rf1 Rxf1+ 19. Bxf1 Kf7 20. Nc3 Nxc3
21. Rxc3 Ke6 22. Ba6 d4 23. exd4 exd4 24. Bc4+ Kd6 25. Rh3 h6 26. Rg3 Re8+ 27.
Kd1 Re7 28. Rf3 Ne5 29. Rf8 Nxc4 30. bxc4 d3 31. Rd8+ Kc5 32. Rxd3 Kxc4 33. Kc2
Re2 34. Rg3 g5 35. Rg4+ Kd5 36. Kd3 Re1 37. h4 gxh4 38. Rxh4 Re6 39. Rh5+ Kd6
40. Kc4 Rg6 41. d4 a6 42. a4 b6 43. Kd3 Rxg2 44. Rxh6+ Kd5 45. Rxb6 Rg3+ 46.
Kc2 a5 47. Rb5+ Kxd4 48. Rxa5 Kc4 49. Rb5 Ra3 50. Rh5 Rxa4 51. Rh4+ Kb5 52.
Rxa4 Kxa4 1/2-1/2

[Event "4th GP Series, Knockout 2019"]
[Site "Jerusalem ISR"]
[Date "2019.12.18"]
[Round "6"]
[White "Vachier-Lagrave, Maxime"]
[Black "Nepomniachtchi, Ian"]
[Result "1/2-1/2"]
[WhiteElo "2780"]
[BlackElo "2767"]
[PlyCount "63"]
[EventDate "2019.12.11"]

1. d4 Nf6 2. c4 g6 3. h4 Bg7 4. Nc3 d5 5. h5 Nxh5 6. cxd5 e6 7. g4 Nf6 8. dxe6
Bxe6 9. e4 Bxg4 10. f3 Be6 11. Bg5 h6 12. Be3 c6 13. Nge2 Bc4 14. Qc2 Qa5 15.
Nf4 Bxf1 16. Kxf1 Na6 17. a3 Nc7 18. Kf2 g5 19. b4 Qa6 20. Nd3 Qc4 21. Rac1 Nd7
22. Nb2 Qe6 23. Ne2 Nb5 24. a4 Nd6 25. Ng3 f5 26. exf5 Qd5 27. Nc4 Nxc4 28.
Qxc4 Qxc4 29. Rxc4 Nb6 30. Rc5 O-O 31. a5 Nd5 32. a6 1/2-1/2

[Event "4th GP Series, Knockout 2019"]
[Site "Jerusalem ISR"]
[Date "2019.12.18"]
[Round "6"]
[White "Navara, David"]
[Black "Wei, Yi"]
[Result "1/2-1/2"]
[WhiteElo "2707"]
[BlackElo "2725"]
[PlyCount "120"]
[EventDate "2019.12.11"]

1. c4 g6 2. d4 Nf6 3. Nc3 d5 4. Nf3 Bg7 5. Qb3 dxc4 6. Qxc4 O-O 7. e4 a6 8. Be2
b5 9. Qb3 c5 10. dxc5 Nbd7 11. Be3 Ng4 12. c6 Nxe3 13. cxd7 Nxg2+ 14. Kf1 Qxd7
15. Kxg2 Qh3+ 16. Kg1 Be6 17. Ng5 Qh4 18. Nxe6 fxe6 19. Qxe6+ Kh8 20. Rf1 Rf4
21. h3 Raf8 22. Rh2 Bxc3 23. bxc3 Rxe4 24. Qxa6 Rxe2 25. Qxb5 Qe4 26. Qb4 Qa8
27. c4 Qxa2 28. Qc3+ Kg8 29. Ra1 Rc2 30. Rxa2 Rxc3 31. Re2 Kf7 32. Re4 Rc8 33.
Kg2 R8xc4 34. Rxc4 Rxc4 35. Rh1 Kf6 36. Ra1 h5 37. Ra6+ Kf5 38. Ra5+ e5 39. Ra8
Rc6 40. Rf8+ Rf6 41. Ra8 Kf4 42. Ra4+ Kg5 43. Ra5 Rf5 44. Ra6 Rf4 45. Re6 Kf5
46. Re8 e4 47. Re7 Kf6 48. Re8 g5 49. Rh8 h4 50. f3 exf3+ 51. Kf2 Ke7 52. Ra8
Rf5 53. Ra3 Kf6 54. Rxf3 g4 55. hxg4 Rxf3+ 56. Kxf3 Kg5 57. Kg2 Kxg4 58. Kh2 h3
59. Kh1 h2 60. Kg2 h1=N 1/2-1/2

[Event "4th GP Series, (tie-break) 2019"]
[Site "Jerusalem ISR"]
[Date "2019.12.19"]
[Round "3"]
[White "Navara, David"]
[Black "Wei, Yi"]
[Result "1/2-1/2"]
[WhiteElo "2707"]
[BlackElo "2725"]
[PlyCount "182"]
[EventDate "2019.12.11"]

1. Nf3 Nf6 2. c4 g6 3. Nc3 d5 4. cxd5 Nxd5 5. Qb3 Nb6 6. d4 Bg7 7. e4 Bg4 8.
Bb5+ c6 9. Ng5 O-O 10. Be2 Bxe2 11. Nxe2 c5 12. dxc5 N6d7 13. Qxb7 Qa5+ 14. Bd2
Qa6 15. c6 Qxc6 16. Qxc6 Nxc6 17. Rc1 Rac8 18. b3 Nde5 19. O-O Nd3 20. Rcd1 Nb2
21. Rb1 Rfd8 22. Nf3 Nd3 23. Rfd1 Ncb4 24. a3 Nc2 25. Ba5 Rd6 26. b4 Nxa3 27.
Rb3 Nc1 28. Rxd6 exd6 29. Rxa3 Nxe2+ 30. Kf1 Nc3 31. b5 Nxb5 32. Ra2 Rc4 33.
Bd2 Rc6 34. Ke2 Kf8 35. Kd3 a6 36. Bb4 Ke8 37. Nd2 Kd7 38. Nc4 Bd4 39. f3 Bg1
40. Ra1 Bd4 41. Ra4 Bg1 42. Ra1 Bd4 43. Ra4 Be5 44. g3 Ke6 45. f4 Bg7 46. Na5
Rc7 47. Nc4 Rc6 48. Na5 Rc1 49. Nb3 Rb1 50. Kc4 Nc7 51. Ba5 Nb5 52. Bb4 Nc7 53.
Ba5 d5+ 54. exd5+ Nxd5 55. Nc5+ Kd6 56. Nxa6 Rb2 57. Bb4+ Nxb4 58. Nxb4 Rxh2
59. Ra6+ Kd7 60. Nd3 Rc2+ 61. Kd5 Rc7 62. Ne5+ Bxe5 63. Kxe5 Ke7 64. g4 Rc4 65.
Ra7+ Kf8 66. f5 Rc5+ 67. Kf6 Rc6+ 68. Kg5 Kg7 69. fxg6 hxg6 70. Rb7 Rc4 71. Ra7
Re4 72. Rb7 Kf8 73. Rb8+ Re8 74. Rb7 Re7 75. Rb8+ Kg7 76. Kf4 f6 77. Rb6 Rc7
78. Kg3 Rc3+ 79. Kf2 Kf7 80. Rb7+ Ke6 81. Rb6+ Kf7 82. Rb7+ Kf8 83. g5 f5 84.
Rb6 Kf7 85. Rb7+ Ke8 86. Rb6 f4 87. Rxg6 Rg3 88. Rf6 Rxg5 89. Rxf4 Rg7 90. Kf3
Rf7 91. Rxf7 Kxf7 1/2-1/2

[Event "4th GP Series, (tie-break) 2019"]
[Site "Jerusalem ISR"]
[Date "2019.12.19"]
[Round "3"]
[White "Wei, Yi"]
[Black "Navara, David"]
[Result "1-0"]
[WhiteElo "2725"]
[BlackElo "2707"]
[PlyCount "53"]
[EventDate "2019.12.11"]

1. Nf3 d5 2. b3 Bf5 3. Bb2 e6 4. d3 h6 5. Nbd2 Nf6 6. g3 c5 7. Ne5 Nbd7 8. e4
Bh7 9. Nxd7 Qxd7 10. Bg2 Qd8 11. exd5 exd5 12. Qe2+ Be7 13. Bxf6 gxf6 14. O-O
Bf5 15. Rae1 Be6 16. Qh5 Qd7 17. Rxe6 Qxe6 18. Bxd5 Qd7 19. Bxf7+ Kd8 20. Re1
Kc7 21. Be6 Qd8 22. Nc4 a6 23. Bd5 Ra7 24. Qf7 Re8 25. Bf3 b5 26. Na5 Kb6 27.
Nc6 1-0

[Event "4th GP Series, Knockout 2019"]
[Site "Jerusalem ISR"]
[Date "2019.12.21"]
[Round "7"]
[White "Wei, Yi"]
[Black "Nepomniachtchi, Ian"]
[Result "0-1"]
[WhiteElo "2725"]
[BlackElo "2767"]
[PlyCount "192"]
[EventDate "2019.12.11"]

1. Nf3 Nf6 2. c4 c5 3. Nc3 Nc6 4. d4 cxd4 5. Nxd4 e6 6. g3 Qb6 7. Ndb5 Ne5 8.
Bg2 a6 9. Qa4 Rb8 10. Na3 Bc5 11. O-O O-O 12. Rb1 Qb4 13. Qd1 d6 14. Na4 b5 15.
Nxc5 Qxc5 16. cxb5 axb5 17. Bg5 Ba6 18. Nc2 b4 19. Nd4 Bb7 20. Rc1 Qa5 21. Bxb7
Rxb7 22. Bxf6 gxf6 23. Qb3 Ra8 24. f4 Qa7 25. e3 Nd7 26. Qd1 Qxa2 27. Qg4+ Kh8
28. Qh5 Kg8 29. Qg4+ Kh8 30. Qh5 Kg8 31. Nb5 Rxb5 32. Qxb5 Qxb2 33. Rb1 Qc2 34.
Rfc1 Qd2 35. Qxb4 Qxe3+ 36. Kh1 Ra2 37. Rc8+ Kg7 38. Rb2 Qf3+ 39. Kg1 Qd1+ 40.
Kg2 Ra1 41. Qb5 f5 42. Qe2 Qd5+ 43. Kh3 Nf6 44. Rbb8 Ra2 45. Rc2 Rxc2 46. Qxc2
Qf3 47. Rb3 Qf1+ 48. Qg2 Qe1 49. Qb2 Kg6 50. Kg2 d5 51. Rb8 Qe4+ 52. Kh3 Qf3
53. Rb3 Qf1+ 54. Qg2 Qe1 55. Qc2 Qf1+ 56. Qg2 Qc4 57. Rb8 h6 58. Kh4 Qd3 59.
Rb2 Ng4 60. Qe2 Qd4 61. Kh3 Qg1 62. Qg2 Qd4 63. Qe2 Qc5 64. Qc2 Qg1 65. Qg2 Qe3
66. Qe2 Qd4 67. Qc2 Ne3 68. Qb3 Nd1 69. Re2 Nf2+ 70. Kg2 Ng4 71. Qb8 Nf6 72.
Qb2 Qc5 73. Rc2 Qe3 74. Re2 Qa7 75. Qa2 Qc5 76. Qc2 Qd6 77. Qb2 Ne4 78. Qd4 Qa6
79. Rc2 Nf6 80. Rd2 Qa5 81. Re2 Qa3 82. Qb2 Qa7 83. Qa2 Qd7 84. Qb2 d4 85. Rd2
Qd5+ 86. Kg1 d3 87. Qe5 Qe4 88. Qxe4 fxe4 89. Kf2 Nd5 90. Ke1 Kf5 91. Rd1 e5
92. Kd2 exf4 93. gxf4 Nxf4 94. Ra1 Ke5 95. Ra6 h5 96. Ra8 f5 0-1

[Event "4th GP Series, Knockout 2019"]
[Site "Jerusalem ISR"]
[Date "2019.12.22"]
[Round "8"]
[White "Nepomniachtchi, Ian"]
[Black "Wei, Yi"]
[Result "1/2-1/2"]
[WhiteElo "2767"]
[BlackElo "2725"]
[PlyCount "52"]
[EventDate "2019.12.11"]

1. e4 g6 2. d4 Bg7 3. Nc3 d6 4. Nf3 a6 5. Be2 e6 6. O-O Ne7 7. Re1 Nd7 8. a4 b6
9. Be3 Bb7 10. Qd2 h6 11. h3 g5 12. d5 e5 13. Nh2 Ng6 14. Bg4 Nf6 15. Nf1 Nf4
16. Bf5 h5 17. g3 Bh6 18. f3 Rg8 19. Kh1 Bc8 20. gxf4 gxf4 21. Bf2 Nxe4 22.
fxe4 Qg5 23. Ne3 fxe3 24. Bxe3 Qg3 25. Bxh6 Qf3+ 26. Kh2 Qg3+ 1/2-1/2